| 000 | 00495nam a2200193Ia 4500 | ||
|---|---|---|---|
| 005 | 20230315140612.0 | ||
| 008 | 131103s9999 xx 000 0 und d | ||
| 040 | _aLoreto College | ||
| 041 | _aEnglish | ||
| 082 |
_a822.91 _bSHA-PUR |
||
| 100 | _aPurdom,C,B. | ||
| 245 | 2 |
_aA guide to the plays of Bernard Shaw _cC.B.Purdom |
|
| 260 |
_aLondon _bMethuen _c1963 |
||
| 300 | _aix,344 p.,[16] | ||
| 440 | _aUniversity Paperback | ||
| 504 | _aIncludes index | ||
| 850 | _aLCLIB | ||
| 942 | _cBK | ||
| 999 |
_c4434 _d54913 |
||